| 000 | 00488nam a2200169 4500 | ||
|---|---|---|---|
| 001 | 110360 | ||
| 003 | ES-MaACL | ||
| 005 | 20230906185033.0 | ||
| 007 | t| | ||
| 008 | 061121s1966 ag r ||||1| spa d | ||
| 100 | 1 |
_aOdajnyk, Walter. _986511 |
|
| 245 | 1 | 0 |
_aMarxismo y existencia / _cWalter Odajnyk; versión de Enrique Gainza. |
| 260 |
_aBuenos Aires : _bPaidós, _c1966. |
||
| 300 |
_a274 p. ; _c18 cm. |
||
| 700 | 1 |
_aGainza, Enrique. _953260 |
|
| 852 |
_aES-MaACL _jL-3029 _bR.103956 |
||
| 999 |
_c110360 _d110360 |
||